О классификации подземных вод; Материалы к вопросу о классификации подземных вод

Bibliografiset tiedot
Päätekijä: Жирмунский А. М.
Yhteisötekijä: СССР Геологический комитет (Геолком)
Muut tekijät: Козырев А. А.
Yhteenveto:Резюме на фр. яз.
Kieli:venäjä
ranska
Julkaistu: Ленинград, Издание Геологического комитета, 1928
Copublished:А. А. Личков. Материалы к вопросу о классификации подземных вод
Sarja:Материалы по общей и прикладной геологии Вып. 98
Серия гидрогеологическая № 4
Aiheet:
Aineistotyyppi: Kirja
KOHA link:https://koha.lib.tpu.ru/cgi-bin/koha/opac-detail.pl?biblionumber=231108

MARC

LEADER 00000nam0a2200000 4500
001 231108
005 20231101231043.0
035 |a (RuTPU)RU\TPU\book\252124 
035 |a RU\TPU\book\252123 
090 |a 231108 
100 |a 20130129d1928 k y0rusy50 ca 
101 0 |a rus  |a fre 
102 |a RU 
105 |a y z 000zy 
200 1 |a О классификации подземных вод  |f А. М. Жирмунский, А. А. Козырев  |g Геологический комитет (Геолком) 
210 |a Ленинград  |c Издание Геологического комитета  |d 1928 
215 |a 34 с. 
225 1 |a Материалы по общей и прикладной геологии  |v Вып. 98 
225 1 |a Серия гидрогеологическая  |v № 4 
300 |a Резюме на фр. яз. 
317 |5 63413507: КР-656  |a Поступила в НТБ в 2004 г. в составе книжного собрания профессора ТПИ К. В. Радугина. 
423 |t Материалы к вопросу о классификации подземных вод  |f А. А. Личков  |a Личков, А. А. 
606 1 |a Воды подземные  |x (геология)  |2 stltpush  |3 (RuTPU)RU\TPU\subj\68168  |9 83651 
610 1 |a гидрогеология 
610 1 |a классификация 
610 1 |a терминология 
610 1 |a гидрологические процессы 
610 1 |a библиотека К. В. Радугина 
610 1 |a библиотека М. А. Усова 
675 |a 556.3  |v 3 
700 1 |a Жирмунский  |b А. М. 
701 1 |a Козырев  |b А. А. 
712 0 1 |a СССР  |b Геологический комитет (Геолком)  |c (1922-1930)  |2 stltpush  |3 (RuTPU)RU\TPU\col\18484 
801 1 |a RU  |b 63413507  |c 20130129 
801 2 |a RU  |b 63413507  |c 20170404  |g RCR 
942 |c BK